=LDR 00000nam 2200000 4500 =001 INLIS000000000046131 =990 ##$$a 01201901450 =005 20150217073727.0 =990 ##$$a 21423982 =006 =990 ##$$a 21423983 =007 =990 ##$$a 21423984 =008 =990 ##$$a 21423985 =020 ##$$a 978-979-042-019-9 =990 ##$$a 21423986 =035 ##$$0010-021500000000692 =990 ##$$a 0001/BPAP-NTB/2015 =040 ##$$a NBPDMAT =990 ##$$a 0001/BPAP-NTB/2015 =082 ##$$a 580 =990 ##$$a 0001/BPAP-NTB/2015 =090 ##$$a 580 $b Sur b =990 ##$$a 0001/BPAP-NTB/2015 =100 ##$$a Suryati =245 ##$$a Berjuta Keajaiban Dunia Tumbuhan / $c Penulis Suryati =250 ##$$a Cet. 2 =260 ##$$a Yogyakarta $b Empat Pilar Pendidikan $c 2010 =300 ##$$a iv, 68 hlm $b Ilus $c 23 Cm =500 ##$$a Bibilografi : hlm. 68 =650 ##$$a Tanaman =990 ##$$a 0001/BPAP-NTB/2015 =990 ##$$a 0001/BPAP-NTB/2015 =990 ##$$a 0001/BPAP-NTB/2015 =990 ##$$a 0001/BPAP-NTB/2015 =990 ##$$a 14501450 =990 ##$$a 01201901450 =990 ##$$a 21423982 =990 ##$$a 21423983 =990 ##$$a 21423984 =990 ##$$a 21423985 =990 ##$$a 21423986 =990 ##$$a 0001/BPAP-NTB/2015 =990 ##$$a 0001/BPAP-NTB/2015 =990 ##$$a 0001/BPAP-NTB/2015 =990 ##$$a 0001/BPAP-NTB/2015 =990 ##$$a 21423984 =990 ##$$a 21423982 =990 ##$$a 21423983 =990 ##$$a 21423985 =990 ##$$a 21423986 =990 ##$$a 0001/BPAP-NTB/2015 =990 ##$$a 0001/BPAP-NTB/2015 =990 ##$$a 0001/BPAP-NTB/2015 =990 ##$$a 0001/BPAP-NTB/2015 =990 ##$$a 01201901450